| 000 | nam a22 7a 4500 | ||
|---|---|---|---|
| 999 |
_c281 _d281 |
||
| 005 | 20170502164342.0 | ||
| 008 | 170502b2014 my ||||| |||| 00| 0 eng d | ||
| 040 | _aAKMAL | ||
| 082 | _a343.59505502632 MAL | ||
| 090 |
_a343.59505502632 _bMAL |
||
| 245 | _aAKTA CUKAI BARANG DAN PERKHIDMATAN 2014 : | ||
| 300 | _c24cm | ||
| 500 | _a1. Perintah Cukai Barang Dan Perkhidmatan (Amaun Pembekalan Bercukai ) 2014 Goods and Service Tax (Amount of Taxable Supply) Order 2014 [P.U.(A) 183/2014] 2. Perintah Cukai Barang Dan Perkhidmatan (Kadar Cukai) 2014 Goods and Service Tax (Rate Of Tax) Order 2014 [P.U.(A) 184/2014] 3. Perintah Cukai Barang Dan Perkhidmatan (Pemakaian Kepada Kerajaan) 2014 Goods and Service Tax (Application To Government) Order 2014 [P.U.(A) 185/2014] 4. Perintah Cukai Barang Dan Perkhidmatan (Fi Permohonan Ejen Cukai) 2014 Goods and Service Tax (Tax Agent Application Fee) Order 2014 [P.U.(A) 186/2014] 5. Perintah Cukai Barang Dan Perkhidmatan (Pengenaan Cukai Bagi Pembekalan Berkenaan Dengan Kawasan Ditetapkan) 2014 Goods and Service Tax (Imposition Of Tax For Supplies In Respect Of Designated Areas) Order 2014 [P.U.(A) 187/2014] | ||
| 599 | _aDALAM PROSES | ||
| 650 |
_ataxation _9229 |
||
| 942 |
_2ddc _cBOOK |
||